000 00620nam a22002297a 4500
003 UA-OsUOA
001 94856
007 ta
008 20130218b un ||||| |||| 00| 0 ukr d
100 _aДенисова Т. Н.
090 _a821.161.1
_bД33
942 _cBK
040 _aUA-OsUOA
_bukr
_cUA-OsUOA
_dUA-OsUOA
245 _aАрктический экзамен
_bповести
300 _a334 с.
955 _a4
041 _aukr
080 _a821.161.1
260 _aМ.
_bСовременник
_c1988
650 7 _a82 Література. Літературознавство
_2UDC
999 _c381123
_d381123